000 00745nam a2200241 a 4500
005 20160209183846.0
008 140314t1987 sp fr|||| 00| 0 spa d
020 _a8475831001
040 _aCO-BoIAVH
_cCO-BoIAVH
041 1 _aspa
044 _asp
082 0 4 _a330.1
_bS85e
100 1 _aStigler, George J.
245 1 3 _aEl economista como predicador y otros ensayos
260 _aBarcelona :
_bEdiciones Folio,
_cc1987.
300 _a380 páginas ;
_c22 x 15 cm.
504 _aIncluye referencias bibliográficas páginas 362-365.
586 _aGeorge J. Stigler; Premio Nobel de economía
650 1 6 _aEconomía
650 2 6 _aEconomistas
700 1 _aPascual, Jorge
_eTraductor
942 _cLIBRO
_2ddc
999 _c4260
_d4260